[Event "XII Mitropa Cup"]
[Site "Aosta ITA"]
[Date "1988.06.04"]
[Round "1.1"]
[White "Mantovani, Renzo"]
[Black "Robatsch, Karl"]
[Result "1-0"]
[WhiteElo "2410"]
[BlackElo "2415"]
[Annotator "ITA-AUT"]
[PlyCount "109"]
[EventDate "1988.06.04"]

1. Nf3 c5 2. e3 g6 3. d4 Bg7 4. Be2 Nf6 5. O-O O-O 6. dxc5 Qa5 7. a3 Qxc5 8. b4
Qc7 9. Bb2 b6 10. c4 Bb7 11. Nbd2 d6 12. Qb1 Nbd7 13. h3 Rac8 14. Rc1 Qb8 15.
Bc3 Rc7 16. Qb2 Rfc8 17. Rc2 Bxf3 18. Nxf3 b5 19. Rac1 bxc4 20. Nd2 Qb7 21. Bd4
e5 22. Bc3 Nb6 23. Bf3 Qa6 24. b5 Qa4 25. Qb4 Bf8 26. Qxa4 Nxa4 27. Ba5 Nb6 28.
Bc6 d5 29. a4 e4 30. Bc3 Nfd7 31. a5 Na4 32. Bd4 Nac5 33. f3 Ne6 34. Bxd5 Nxd4
35. exd4 exf3 36. gxf3 Bb4 37. b6 axb6 38. a6 c3 39. Ne4 b5 40. Bb7 Rb8 41.
Nxc3 Rcxb7 42. axb7 Rxb7 43. Nd5 Ba5 44. Ra1 Bb6 45. Nxb6 Rxb6 46. Ra7 Nf8 47.
Kf2 b4 48. Ke3 Re6+ 49. Kd3 Rf6 50. Rc8 Kg7 51. d5 b3 52. Ke3 Rd6 53. Kd4 Ne6+
54. Ke5 Rb6 55. dxe6 1-0

[Event "XII Mitropa Cup"]
[Site "Aosta ITA"]
[Date "1988.06.07"]
[Round "3.3"]
[White "Lanzani, Mario"]
[Black "Schlueter, Wolfgang"]
[Result "1/2-1/2"]
[WhiteElo "2375"]
[BlackElo "2245"]
[Annotator "ITA-LUX"]
[PlyCount "87"]
[EventDate "1988.06.04"]

1. e4 Nf6 2. e5 Nd5 3. Nc3 e6 4. d4 d6 5. Nf3 Nc6 6. Bd3 Nxc3 7. bxc3 dxe5 8.
dxe5 Be7 9. Qe2 f6 10. O-O fxe5 11. Rd1 Bd7 12. Ng5 Bxg5 13. Qh5+ Kf8 14. Bxg5
Qe8 15. Bg6 Qxg6 16. Qxg6 hxg6 17. Rxd7 Rc8 18. h4 Rg8 19. Rad1 Nb8 20. g3 Nxd7
21. Rxd7 Ke8 22. Re7+ Kf8 23. Kf1 Rh8 24. Ke2 Kg8 25. Ke3 Kh7 26. Bf6 Rhg8 27.
Bxe5 b5 28. f4 c5 29. Rxa7 b4 30. Rb7 Ra8 31. cxb4 cxb4 32. Rxb4 Rxa2 33. Rc4
Raa8 34. c3 Rac8 35. Rb4 Rc6 36. Rb7 Kh6 37. g4 Kh7 38. Re7 Kh6 39. Bd4 Kh7 40.
g5 Rcc8 41. Kf3 Rce8 42. Rf7 Ref8 43. Ra7 Ra8 44. Re7 1/2-1/2

[Event "XII Mitropa Cup"]
[Site "Aosta ITA"]
[Date "1988.06.09"]
[Round "5.1"]
[White "Mantovani, Renzo"]
[Black "Barle, Janez"]
[Result "0-1"]
[WhiteElo "2410"]
[BlackElo "2425"]
[Annotator "ITA-YUG"]
[PlyCount "124"]
[EventDate "1988.06.04"]

1. e4 e5 2. Nf3 Nc6 3. c3 Nf6 4. d3 g6 5. Be2 Bg7 6. O-O O-O 7. Nbd2 d6 8. Qc2
Nh5 9. Re1 Nf4 10. Bf1 Bg4 11. h3 Bd7 12. Nc4 Qf6 13. Nh2 h5 14. Kh1 g5 15. Qd1
b5 16. Ne3 Ne7 17. Be2 Qg6 18. Nef1 Nxe2 19. Qxe2 f5 20. exf5 Bxf5 21. d4 Bd3
22. Qd2 g4 23. hxg4 hxg4 24. Ng3 Rf4 25. dxe5 Bxe5 26. Re3 Bc4 27. Qe1 Nd5 28.
Rxe5 dxe5 29. Bxf4 exf4 30. Qe4 Kh7 31. Qxg6+ Kxg6 32. Ne4 Re8 33. f3 g3 34.
Ng4 Bd3 35. Re1 Bxe4 36. Rxe4 Rxe4 37. fxe4 Nf6 38. Ne5+ Kh6 39. Nc6 Nxe4 40.
Nxa7 Nd6 41. Kg1 Kg5 42. Kf1 Kg4 43. Nc6 Nc4 44. Nd4 c5 45. Nb3 Nxb2 46. Nxc5
Nd1 47. Ne4 f3 48. gxf3+ Kxf3 49. Nd2+ Kf4 50. c4 Ne3+ 51. Kg1 bxc4 52. a4 c3
53. Nb3 Ke5 54. a5 Kd5 55. a6 Kc6 56. a7 Kb7 57. Nd4 Nf5 58. Ne2 c2 59. Kf1
Kxa7 60. Ke1 Kb6 61. Kd2 g2 62. Ng1 Nd4 0-1

[Event "XII Mitropa Cup"]
[Site "Aosta ITA"]
[Date "1988.06.09"]
[Round "5.1"]
[White "Robatsch, Karl"]
[Black "Lau, Ralf"]
[Result "1/2-1/2"]
[WhiteElo "2415"]
[BlackElo "2540"]
[Annotator "AUT-BRD"]
[PlyCount "38"]
[EventDate "1988.06.04"]

1. Nf3 Nf6 2. c4 e6 3. Nc3 d5 4. d4 Be7 5. Bf4 O-O 6. Rc1 dxc4 7. e4 c5 8. Bxc4
cxd4 9. Nxd4 a6 10. O-O b5 11. Bb3 Bb7 12. e5 Ne4 13. Nxe4 Bxe4 14. Re1 Bb7 15.
Be3 Kh8 16. Qg4 Nd7 17. Red1 Nxe5 18. Qg3 Bd6 19. Bf4 Qb8 1/2-1/2

[Event "XII Mitropa Cup"]
[Site "Aosta ITA"]
[Date "1988.06.10"]
[Round "6.1"]
[White "Barle, Janez"]
[Black "Robatsch, Karl"]
[Result "1/2-1/2"]
[WhiteElo "2425"]
[BlackElo "2415"]
[Annotator "YUG-AUT"]
[PlyCount "67"]
[EventDate "1988.06.04"]

1. Nf3 Nf6 2. c4 e6 3. Nc3 b6 4. g3 Bb7 5. Bg2 Bb4 6. O-O O-O 7. a3 Bxc3 8.
bxc3 d6 9. d3 Nbd7 10. e4 Nc5 11. Qc2 Qd7 12. a4 a5 13. Nd2 e5 14. d4 Ne6 15.
Qd3 Qe7 16. Bb2 Nh5 17. Rfe1 g6 18. Qe3 f6 19. f3 Rac8 20. Nb3 c5 21. d5 Neg7
22. Bc1 Ba6 23. Qe2 f5 24. exf5 gxf5 25. Bh6 Qf6 26. Bxg7 Qxg7 27. Nd2 Nf6 28.
Qd3 Qg5 29. Rab1 Rb8 30. Rb2 h5 31. Qe3 Qg6 32. Reb1 Nd7 33. Kh1 Rf7 34. Bh3
1/2-1/2

[Event "XII Mitropa Cup"]
[Site "Aosta ITA"]
[Date "1988.06.10"]
[Round "6.1"]
[White "Lau, Ralf"]
[Black "Sharif, Mehrshad"]
[Result "1/2-1/2"]
[WhiteElo "2540"]
[BlackElo "2450"]
[Annotator "BRD-FRA"]
[PlyCount "38"]
[EventDate "1988.06.04"]

1. e4 e5 2. Nf3 Nc6 3. Bb5 Nf6 4. O-O Nxe4 5. d4 Be7 6. Qe2 Nd6 7. Bxc6 bxc6 8.
dxe5 Nb7 9. Nc3 O-O 10. Re1 Nc5 11. Be3 Ne6 12. Rad1 d5 13. exd6 cxd6 14. Nd4
Bd7 15. Nf5 d5 16. Nxe7+ Qxe7 17. Qd2 Rfd8 18. Ne2 Qf6 19. Nd4 Qg6 1/2-1/2

[Event "XII Mitropa Cup"]
[Site "Aosta ITA"]
[Date "1988.06.10"]
[Round "6.2"]
[White "Roos, Daniel"]
[Black "Hickl, Joerg"]
[Result "1/2-1/2"]
[WhiteElo "2370"]
[BlackElo "2485"]
[Annotator "BRD-FRA"]
[PlyCount "130"]
[EventDate "1988.06.04"]

1. e4 g6 2. d4 Bg7 3. Nf3 d6 4. Bc4 Nc6 5. c3 Nf6 6. Qe2 e5 7. dxe5 dxe5 8. O-O
O-O 9. a4 Nh5 10. Rd1 Qe7 11. a5 a6 12. Be3 Nf4 13. Qc2 Bg4 14. Nbd2 Qf6 15. g3
Nh3+ 16. Kg2 Rad8 17. Be2 Qe7 18. Ng1 Bxe2 19. Nxe2 Ng5 20. Qb3 Rb8 21. Qc4
Rfd8 22. b4 Ne6 23. Nb3 Rxd1 24. Rxd1 Rd8 25. Rd5 Nb8 26. Nec1 c6 27. Rxd8+
Qxd8 28. Nd3 Nd7 29. Nb2 Nf6 30. f3 Ne8 31. Qd3 Bf6 32. Bb6 Qc8 33. Na4 Be7 34.
Bc5 Qd8 35. Nc1 Bg5 36. Qxd8 Bxd8 37. Nd3 f6 38. Ba7 Bc7 39. Ndc5 Nd8 40. Bb6
Kf7 41. f4 Bxb6 42. Nxb6 exf4 43. gxf4 Nc7 44. Kf3 Nb5 45. c4 Nd4+ 46. Ke3 Nc2+
47. Kd2 Nd4 48. Nc8 f5 49. Nd6+ Ke7 50. Ndxb7 Nxb7 51. Nxb7 fxe4 52. Nc5 Nf3+
53. Ke3 Nxh2 54. Nxa6 Ng4+ 55. Kxe4 Nf6+ 56. Kf3 Nd7 57. b5 cxb5 58. cxb5 Kd6
59. b6 Kc6 60. Nc7 Nc5 61. Ne8 Nb3 62. Kg4 Nxa5 63. Kg5 Nc4 64. Nf6 Ne3 65.
Nxh7 Nd5 1/2-1/2